Wszystkie gminy w Pomorskim - Statystyki

Ogólne statystyki
  • Ten quiz został rozwiązany 200 razy
    185 od ostatniego zresetowania
  • Średni wynik to 49 z 122
Statystyki odpowiedzi
Powiat Typ Gminy Gminy % Poprawnych
miasto na prawach powiatu Gdańsk
92%
Gdynia
91%
Sopot
90%
Słupsk
89%
bytowski miejsko-wiejska Bytów
83%
tczewski miejska | wiejska Tczew
83%
chojnicki miejska | wiejska Chojnice
82%
malborski miejska | wiejska Malbork
82%
kartuski miejsko-wiejska Kartuzy
81%
kwidzyński miejska | wiejska Kwidzyn
81%
wejherowski miejska | wiejska Wejherowo
81%
sztumski miejsko-wiejska Sztum
80%
kościerski miejska | wiejska Kościerzyna
79%
lęborski miejska Lębork
78%
pucki miejska | wiejska Puck
78%
gdański miejska | wiejska Pruszcz Gdański
77%
człchowski miejska Człuchów
75%
miejska Rumia
75%
miejska | wiejska Starogard Gdański
74%
miejska Hel
73%
miejska Reda
73%
miejsko-wiejska Nowy Dwór Gdański
69%
miejska Łeba
66%
miejsko-wiejska Władysławowo
66%
miejsko-wiejska Żukowo
66%
miejsko-wiejska Jastarnia
63%
miejsko-wiejska Gniew
59%
słupski miejska | wiejska Ustka
57%
miejsko-wiejska Czersk
53%
nowodworski miejska Krynica Morska
53%
miejsko-wiejska Miastko
53%
miejsko-wiejska Pelplin
50%
wiejska Pszczółki
43%
miejsko-wiejska Skarszewy
42%
miejsko-wiejska Brusy
41%
miejsko-wiejska Czarne
39%
wiejska Stegna
39%
miejsko-wiejska Czarna Woda
37%
wiejska Sierakowice
37%
wiejska Kolbudy
36%
miejsko-wiejska Prabuty
34%
miejsko-wiejska Dzierzgoń
33%
miejsko-wiejska Nowy Staw
33%
wiejska Sztutowo
33%
wiejska Przywidz
31%
miejsko-wiejska Debrzno
30%
starogardzki miejska | wiejska Skórcz
30%
wiejska Szemud
29%
wiejska Luzino
28%
wiejska Trąbki Wielkie
28%
miejsko-wiejska Kępice
27%
wiejska Kosakowo
27%
wiejska Stężyca
27%
wiejska Sulęczyno
26%
wiejska Cedry Wielkie
25%
wiejska Czarna Dąbrówka
25%
wiejska Kobylnica
25%
wiejska Nowa Wieś Lęborska
25%
wiejska Somonino
25%
wiejska Stara Kiszewa
25%
wiejska Lipusz
24%
wiejska Nowa Karczma
22%
wiejska Tuchomie
22%
wiejska Dziemiany
21%
wiejska Krokowa
21%
wiejska Linia
21%
wiejska Parchowo
21%
wiejska Potęgowo
19%
wiejska Cewice
18%
wiejska Gniewino
18%
wiejska Kaliska
18%
wiejska Subkowy
18%
wiejska Borzytuchom
17%
wiejska Chmielno
17%
wiejska Choczewo
17%
wiejska Liniewo
17%
wiejska Karsin
16%
wiejska Lipnica
16%
wiejska Przechlewo
16%
wiejska Przodkowo
16%
wiejska Damnica
15%
wiejska Dębnica Kaszubska
15%
wiejska Kołczygłowy
15%
wiejska Konarzyny
15%
wiejska Mikołajki Pomorskie
15%
wiejska Smętowo Graniczne
15%
wiejska Stary Targ
15%
wiejska Trzebielino
15%
wiejska Łęczyce
14%
wiejska Rzeczenica
14%
wiejska Wicko
14%
wiejska Gardeja
13%
wiejska Główczyce
13%
wiejska Osiek
13%
wiejska Ostaszewo
13%
wiejska Stare Pole
13%
wiejska Stary Dzierzgoń
13%
wiejska Suchy Dąb
13%
wiejska Morzeszczyn
12%
wiejska Bobowo
11%
wiejska Lichnowy
11%
wiejska Lubichowo
11%
wiejska Studzienice
11%
wiejska Koczała
10%
wiejska Smołdzino
10%
wiejska Miłoradz
9%
wiejska Osieczna
9%
wiejska Sadlinki
9%
wiejska Rojewo
1%
Nie znaleziono quizów pasujących do podanych kryteriów
Rozkład punktacji
Procent ludzi z każdym wynikiem
Percentyl według liczby udzielonych odpowiedzi
Twoja historia wyników
Nie rozwiązałeś tego quizu od ostatniego zresetowania